[Event "Balkaniad"]
[Site "Mangalia"]
[Date "1992.??.??"]
[Round "2"]
[White "Papaioannou, Ioannis"]
[Black "Nisipeanu, Liviu Dieter"]
[Result "1/2-1/2"]
[WhiteElo "2300"]
[BlackElo "2310"]

1.d4 Nf6 2.c4 g6 3.Nc3 Bg7 4.e4 d6 5.f3 O-O 6.Be3 e5 7.Nge2 c6 8.Qd2 Nbd7
9.O-O-O a6 10.Kb1 b5 11.Nc1 Bb7 12.dxe5 dxe5 13.Nb3 Qc7 14.Qd6 Rac8 15.Be2 Rfe8
16.Qxc7 Rxc7 17.Rd2 Bc8 18.Rhd1 Bf8 19.cxb5 cxb5 20.a4 bxa4 21.Nxa4 Bb4 22.Rc2 Rxc2
23.Kxc2 Bb7 24.Bd2 Rc8+ 25.Kb1 Bc6 26.Nb6 Nxb6 27.Bxb4 Ba4 28.Ka2 Nc4 29.Bc3 Nd7
30.Rc1 Ndb6 31.Nd2 Nxd2 32.Bxd2 Bb5 33.Bxb5 axb5 34.Rxc8+ Nxc8 35.Bc3 f6
36.Kb3 Kf7 37.Kb4 Nd6 38.Kc5 Ke6 39.Kc6 f5 40.exf5+ gxf5 41.b3 f4 42.Be1 h5
43.Bf2 Nf5 44.Kxb5 Ne3 45.Kb4 Nd1 46.Bb6 Kd5 47.Ba7 h4 48.Bg1 e4 49.fxe4+ Kxe4
50.Kc5 h3 51.gxh3 f3 52.b4 f2 53.Bxf2 Nxf2 54.b5 Nd3+ 55.Kc6 Kf5 56.Kd5 Ne5
57.h4 Nd7 58.Kc6 Ne5+  1/2-1/2

[Event "Balkaniad"]
[Site "Mangalia"]
[Date "1992.??.??"]
[Round "3"]
[White "Nisipeanu, Liviu Dieter"]
[Black "Stavrev, Nikolai"]
[Result "1-0"]
[WhiteElo "2310"]
[BlackElo "2245"]

1.e4 c5 2.Nf3 d6 3.d4 cxd4 4.Nxd4 Nf6 5.Nc3 g6 6.Be3 Bg7 7.f3 O-O 8.Bc4 Nc6
9.Qd2 Bd7 10.h4 Rc8 11.Bb3 h5 12.O-O-O Ne5 13.Bg5 Rc5 14.g4 hxg4 15.f4 Nc4
16.Qe2 b5 17.f5 Qa5 18.Bxf6 Bxf6 19.Qxg4 d5 20.Nxd5 Rxd5 21.exd5 Ne3 22.Qg3 Nxd1
23.d6 e6 24.fxe6 Bxd4 25.e7 Bf5 26.exf8=Q+ Kxf8 27.Rxd1 Qb6 28.Kb1 a5 29.Qf4 Bf6
30.d7 a4 31.Qh6+ Kg8 32.Re1 Bxd7 33.Qxg6+ Kh8 34.Bxf7  1-0

[Event "ROM-ch"]
[Site "?"]
[Date "1992.??.??"]
[Round "1"]
[White "Marasescu, Ioan"]
[Black "Nisipeanu, Liviu Dieter"]
[Result "0-1"]
[WhiteElo "2350"]
[BlackElo "2325"]

1.Nf3 Nf6 2.c4 g6 3.d4 Bg7 4.g3 O-O 5.Bg2 d6 6.O-O Nbd7 7.Qc2 e5 8.Rd1 Qe7
9.Nc3 c6 10.dxe5 dxe5 11.h3 Ne8 12.e4 Nc7 13.Bg5 f6 14.Be3 Ne6 15.Re1 f5
16.exf5 gxf5 17.Rad1 e4 18.Nd4 Ne5 19.Nxe6 Bxe6 20.b3 Nd3 21.Rxd3 exd3 22.Qxd3 Rad8
23.Qc2 Bf7 24.Ne2 Bg6 25.Qc1 Rfe8 26.h4 Qb4 27.Rf1 Qa5 28.a3 Rd3 29.Nf4 Rxb3
30.h5 Bf7 31.Rd1 Rxa3 32.Kh2 Ra1 33.Qc2 Rxd1 34.Qxd1 Qd8 35.Qb1 Qd7 36.Bh3 Re5
37.c5 a5 38.Nd3 Re4 39.Nf4 a4 40.Bg2 a3  0-1

[Event "ROM-ch"]
[Site "?"]
[Date "1992.??.??"]
[Round "2"]
[White "Negulescu, Adrian"]
[Black "Nisipeanu, Liviu Dieter"]
[Result "1/2-1/2"]
[WhiteElo "2445"]
[BlackElo "2325"]

1.d4 Nf6 2.Nf3 g6 3.Nc3 d5 4.Bf4 Bg7 5.Qd2 c6 6.Bh6 O-O 7.Bxg7 Kxg7 8.e3 Nbd7
9.h3 Qc7 10.Be2 e5 11.dxe5 Nxe5 12.Qd4 Re8 13.O-O-O Nxf3 14.Bxf3 Qe5 15.Rhe1  1/2-1/2

[Event "ROM-ch"]
[Site "?"]
[Date "1992.??.??"]
[Round "3"]
[White "Nisipeanu, Liviu Dieter"]
[Black "Ardeleanu, Alin"]
[Result "0-1"]
[WhiteElo "2325"]
[BlackElo "2335"]

1.e4 c5 2.Nf3 d6 3.d4 Nf6 4.Nc3 cxd4 5.Nxd4 a6 6.Bg5 e6 7.f4 Be7 8.Qf3 Qc7
9.O-O-O Nbd7 10.g4 O-O 11.Bxf6 Bxf6 12.g5 Bxd4 13.Rxd4 b5 14.h4 Bb7 15.Bh3 Nc5
16.a3 Bc6 17.h5 a5 18.g6 h6 19.b4 axb4 20.axb4 f5 21.bxc5 dxc5 22.Rdd1 b4
23.Nb1 Bxe4 24.Qe3 c4 25.Rhf1 Ra2 26.Rf2 b3 27.Nc3 Qa5 28.Rd7 b2+ 29.Kd1 Ra1+
30.Ke2 Re1+  0-1

[Event "ROM-ch"]
[Site "?"]
[Date "1992.??.??"]
[Round "5"]
[White "Nisipeanu, Liviu Dieter"]
[Black "Bogdan, Dan"]
[Result "1/2-1/2"]
[WhiteElo "2325"]
[BlackElo "2280"]

1.e4 c5 2.Nf3 Nc6 3.d4 cxd4 4.Nxd4 Nf6 5.Nc3 g6 6.Bc4 Bg7 7.O-O O-O 8.Be3 Nxe4
9.Nxe4 d5 10.Nxc6 bxc6 11.Bd3 dxe4 12.Bxe4 Qc7 13.c3 f5 14.Bf3 e5 15.Bc5 Rd8
16.Qb3+ Kh8 17.Rfd1 Ba6 18.Rxd8+ Rxd8 19.Qa4 Bb5 20.Qxa7 Qxa7 21.Bxa7 e4
22.a4 Ba6 23.Bd1 Rd2 24.Rb1 f4 25.g3 Bd3 26.Rc1 g5 27.Bh5 Rxb2 28.Be8 e3
29.Bxc6 Rxf2 30.c4 Bb2 31.Bd5 Kg7 32.Re1 Bc3 33.Bxe3 fxe3 34.Rxe3 Rd2 35.Re8 Bd4+
36.Kh1 h5 37.Re1 g4 38.a5 Ra2 39.h3 Bf2 40.Re5 Kg6 41.hxg4 hxg4 42.c5 Rxa5
43.Be4+  1/2-1/2

[Event "ROM-ch"]
[Site "?"]
[Date "1992.??.??"]
[Round "7"]
[White "Nisipeanu, Liviu Dieter"]
[Black "Zetocha, Claudiu"]
[Result "1/2-1/2"]
[WhiteElo "2325"]
[BlackElo "2320"]

1.e4 c5 2.Nf3 e6 3.d4 cxd4 4.Nxd4 Nf6 5.Nc3 d6 6.Be3 a6 7.Qd2 Be7 8.f3 O-O
9.g4 Nc6 10.O-O-O Nxd4 11.Bxd4 b5 12.g5 Nd7 13.h4 b4 14.Ne2 a5 15.Ng3 Qc7
16.h5 Nc5 17.g6 h6 18.Kb1 a4 19.Bc4 b3 20.Rhg1 fxg6 21.Nf5 g5 22.Qc3 bxc2+
23.Kxc2 Kh7 24.Nxe7 Qxe7 25.e5 Qb7 26.Bxc5 dxc5 27.Bd3+ Kh8 28.Be4 Qa7 29.Bxa8 Qxa8
30.Kb1 Bb7 31.Qxc5 Bxf3 32.Rd6 Rc8 33.Qe3 Bd5 34.Rc1 Rxc1+ 35.Qxc1 Qe8 36.Qc2 Qf8
37.b4 a3 38.Qd3 g4 39.b5 g3 40.Qxg3 Qf1+ 41.Kc2  1/2-1/2

[Event "ROM-ch"]
[Site "?"]
[Date "1992.??.??"]
[Round "8"]
[White "Dumitrache, Dragos"]
[Black "Nisipeanu, Liviu Dieter"]
[Result "1/2-1/2"]
[WhiteElo "2400"]
[BlackElo "2325"]

1.d4 Nf6 2.Nf3 g6 3.Bf4 Bg7 4.e3 O-O 5.c4 c5 6.Nc3 cxd4 7.exd4 d5 8.Be2 Nc6
9.O-O Bg4 10.c5 Ne4 11.Be3 Nxc5 12.dxc5 Bxf3 13.Bxf3 d4 14.Bg5 dxc3 15.bxc3 h6
16.Qxd8 Rfxd8 17.Be3 Bxc3 18.Rab1 Rab8 19.Rb3 Bd4 20.Rfb1 Bxe3 21.fxe3 Rbc8
22.Rxb7 Ne5 23.Rc1 Nd3 24.Rd1 Nxc5 25.Rxd8+ Rxd8 26.Rc7 Nd7 27.Rxa7 Ne5 28.Be2 Rd2
29.Kf1 e6 30.a4 Ra2 31.a5 Ra1+ 32.Kf2 Ra2 33.Ke1 Ra1+ 34.Kd2 Ra2+ 35.Kd1 Ra1+
36.Kd2 Ra2+ 37.Ke1 Ra1+ 38.Kf2 Ra2 39.Kf1 Ra1+ 40.Kf2  1/2-1/2

[Event "ROM-ch"]
[Site "?"]
[Date "1992.??.??"]
[Round "10"]
[White "Cosma, Ioan"]
[Black "Nisipeanu, Liviu Dieter"]
[Result "1-0"]
[WhiteElo "2400"]
[BlackElo "2325"]

1.d4 Nf6 2.c4 g6 3.Nf3 Bg7 4.g3 O-O 5.Bg2 d6 6.O-O Nbd7 7.Nc3 e5 8.e4 exd4
9.Nxd4 Re8 10.Re1 a6 11.h3 Rb8 12.a4 Ne5 13.b3 c5 14.Nde2 Bxh3 15.Bxh3 Nf3+
16.Kg2 Nxe1+ 17.Qxe1 Nxe4 18.Be3 Bd4 19.Nxd4 cxd4 20.Bxd4 Nxg3 21.Qd2 Nh5
22.Bg4 Qh4 23.Bxh5 Qxh5 24.Qf4 g5 25.Nd5 gxf4 26.Nf6+ Kg7 27.Nxh5+ Kg6 28.Nxf4+ Kf5
29.Kf3 Re4 30.Be3 Rbe8  1-0

[Event "ROM-ch"]
[Site "?"]
[Date "1992.??.??"]
[Round "11"]
[White "Nisipeanu, Liviu Dieter"]
[Black "Milu, Romeo Sorin"]
[Result "1/2-1/2"]
[WhiteElo "2325"]
[BlackElo "2420"]

1.e4 c5 2.Nf3 d6 3.d4 cxd4 4.Nxd4 Nf6 5.Nc3 e6 6.Be3 a6 7.Qd2 b5 8.f3 Bb7
9.g4 Qa5 10.Bd3 Nc6 11.Nb3 Qc7 12.O-O-O Ne5 13.Qe2 Nxd3+ 14.Qxd3 Nd7 15.f4 b4
16.Ne2 Nf6 17.Ng3 Nxg4 18.Bd4 Nf6 19.Bxf6 gxf6 20.Qd4 O-O-O 21.Qxf6 Rg8 22.Qd4 d5
23.e5 Rg4 24.Nh5 Rh4 25.Nf6 Be7 26.Rdf1 Kb8 27.Qf2 Rh6 28.Nd4 Bc5 29.h4 Rc8
30.Rd1 Be7 31.Ng4 Rg6 32.Ne3 Bc5 33.Rh3 Rgg8 34.Qd2 a5 35.Kb1 a4 36.c3 Qb6
37.Nec2 bxc3 38.Rxc3 Rg4 39.Qf2 Ka8 40.f5 Rb8 41.Rxc5 Qxc5 42.fxe6 fxe6 43.Qf7 Bc8
44.Qe8 Qc4 45.Na3 Qb4 46.Nab5 Rxd4  1/2-1/2

[Event "ROM-ch"]
[Site "?"]
[Date "1992.??.??"]
[Round "12"]
[White "Tomescu, Vlad"]
[Black "Nisipeanu, Liviu Dieter"]
[Result "0-1"]
[WhiteElo "2360"]
[BlackElo "2325"]

1.e4 c5 2.f4 d5 3.exd5 Nf6 4.Nc3 Nxd5 5.Nf3 Nc6 6.Bb5 g6 7.Ne5 Nxc3 8.bxc3 Bd7
9.Qe2 Nxe5 10.fxe5 Bg7 11.e6 fxe6 12.O-O Qc7 13.Bxd7+ Qxd7 14.Qf2 Rf8 15.Qxc5 Rxf1+
16.Kxf1 Rc8 17.Qxa7 Bxc3 18.Rb1 Bd4 19.Qxb7 Qxb7 20.Rxb7 Rxc2 21.Ba3 Bf6
22.Ke2 Rxa2 23.Bc5 h5 24.Be3 Kf7 25.h3 Ra1 26.Rb4 e5 27.Kf3 Rh1 28.Rb6 Rf1+
29.Ke2 Ra1 30.Kf3 Ra4 31.d3 g5 32.g4 h4 33.Rb3 Ra2 34.Bf2 Ke6 35.Rb6+ Kf7
36.Rb3 Bg7 37.Bg1 e6 38.Bf2 Bf8 39.Rb5 Bd6 40.Rb7+ Kf6 41.Bb6 Be7 42.Bg1 Rd2
43.Rb3 Bd6 44.Bf2 Rc2 45.Rb5 Ba3 46.Rb7 Bc5 47.Bxc5 Rxc5 48.Rb1 Rc2 49.Rf1 Ke7
50.Rh1 Kd6 51.Ke4 Rb2 52.Ke3 Kd5 53.Ra1 Rh2 54.Ra5+ Kd6 55.Ke4 Rxh3 56.Ra6+ Ke7
57.Kxe5 Re3+ 58.Kd4 Re2 59.Ra1 h3 60.Ra8 Rg2 61.Kc5 Rxg4 62.Ra7+ Kd8 63.Kd6 Rd4+
64.Kxe6 h2  0-1

[Event "ROM-ch"]
[Site "?"]
[Date "1992.??.??"]
[Round "13"]
[White "Nisipeanu, Liviu Dieter"]
[Black "Ionescu, Constantin"]
[Result "0-1"]
[WhiteElo "2325"]
[BlackElo "2480"]

1.e4 c5 2.Nf3 e6 3.d4 cxd4 4.Nxd4 a6 5.g3 Nf6 6.Bg2 d6 7.Nc3 Be7 8.O-O O-O
9.g4 Nc6 10.g5 Nxd4 11.Qxd4 Nd7 12.h4 b5 13.a4 bxa4 14.Rxa4 Rb8 15.b3 Re8
16.Bb2 Bf8 17.Rfa1 Nc5 18.R4a2 Bb7 19.b4 Nd7 20.Nd1 Ne5 21.Ne3 Ng6 22.Ng4 e5
23.Qe3 Nxh4 24.Rd1 Nxg2 25.Kxg2 Qc8 26.f3 Qxc2+ 27.Rd2 Qc4 28.Ra1 Qe6 29.Kg3 f5
30.gxf6 h5 31.fxg7 Bxg7 32.Rad1 hxg4 33.Rxd6 Qf7  0-1

[Event "ROM-chT"]
[Site "?"]
[Date "1992.??.??"]
[Round "?"]
[White "Nisipeanu, Liviu Dieter"]
[Black "Popescu, Daniel Dorin"]
[Result "1-0"]
[WhiteElo "2310"]
[BlackElo "2250"]

1.e4 e6 2.d4 d5 3.Nc3 Bb4 4.e5 c5 5.a3 Bxc3+ 6.bxc3 Ne7 7.Qg4 Qc7 8.Qxg7 Rg8
9.Qxh7 cxd4 10.Ne2 Nbc6 11.f4 Bd7 12.Qd3 dxc3 13.Qxc3 Nf5 14.Rg1 Rc8 15.Qd3 Na5
16.g4 Qxc2 17.gxf5 Rxg1 18.Nxg1 Nb3 19.fxe6 fxe6 20.Rb1 Qxb1 21.Qxb1 Rxc1+
22.Qxc1 Nxc1 23.Kd2 Nb3+ 24.Kc3 Nc5 25.Nf3 Kf7 26.Nd4 b6 27.Bg2 Ke7 28.h4 Kf7
29.f5 exf5 30.Bxd5+ Kg7 31.e6 Be8 32.Nxf5+ Kf6 33.Nd4 Bh5 34.Bc4 a6 35.Kd2 Ke5
36.Kc3 Bg4 37.e7 Bh5 38.Be2 Be8 39.h5 Kf6 40.h6 Nd7 41.Nf5 Ne5 42.h7 Ng6
43.Bh5  1-0

[Event "Balkaniad-Boys"]
[Site "?"]
[Date "1993.??.??"]
[Round "3"]
[White "Georgiev, Vladimir"]
[Black "Nisipeanu, Liviu Dieter"]
[Result "1-0"]
[WhiteElo "2430"]
[BlackElo "2390"]

1.d4 d5 2.Nf3 Nf6 3.c4 e6 4.Nc3 Be7 5.Bg5 O-O 6.e3 Nbd7 7.Qc2 a6 8.cxd5 exd5
9.Bd3 c6 10.O-O Re8 11.Rab1 Nf8 12.b4 Ng6 13.a4 Ne4 14.Bxe7 Qxe7 15.Bxe4 dxe4
16.Nd2 Bf5 17.Ne2 Nh4 18.Ng3 Bg6 19.Qc5 Qf6 20.Rfc1 Rad8 21.Qb6 Qe7 22.b5 axb5
23.axb5 f5 24.bxc6 bxc6 25.Qxc6 f4 26.Rb7 Qf8 27.Ngf1 fxe3 28.fxe3 Rd6 29.Qc5 Rf6
30.Qg5 Nf5 31.Rcc7 Ra8 32.Nxe4 Re6 33.Neg3 Nxg3 34.hxg3 Ra1 35.Rxg7+ Kh8
36.Kh2 Rxf1 37.Qh6  1-0

[Event "Balkaniad-Boys"]
[Site "?"]
[Date "1993.??.??"]
[Round "6"]
[White "Nisipeanu, Liviu Dieter"]
[Black "Georgiev, Vladimir"]
[Result "0-1"]
[WhiteElo "2390"]
[BlackElo "2430"]

1.e4 c5 2.Nf3 Nc6 3.d4 cxd4 4.Nxd4 g6 5.Nc3 Bg7 6.Be3 Nf6 7.Bc4 Qa5 8.O-O O-O
9.Bb3 d6 10.h3 Bd7 11.Qe1 Qh5 12.Rd1 Na5 13.Nd5 Nxb3 14.Nxb3 Bb5 15.Nxf6+ Bxf6
16.Rd5 Qe2 17.Qxe2 Bxe2 18.Rb1 Rfc8 19.c3 Bc4 20.Rdd1 a5 21.f3 b5 22.Kf2 b4
23.Bd4 bxc3 24.bxc3 Bxd4+ 25.cxd4 a4 26.Nc1 Rab8 27.Rxb8 Rxb8 28.Rd2 a3 29.Ke1 Rb2
30.g3 Kg7 31.Kd1 g5 32.Rc2 Rxc2 33.Kxc2 Bf1 34.Kd2 Bxh3 35.Ne2 h5 36.Nc3 Bf1
37.Nb1 h4 38.gxh4 gxh4 39.Ke1 Bc4 40.Nxa3 Bd3 41.Kf2 Kh6 42.f4 Kh5  0-1

[Event "Odorheiu Secuiesc op"]
[Site "Odorheiu Secuiesc"]
[Date "1993.??.??"]
[Round "2"]
[White "Nicula, Marius"]
[Black "Nisipeanu, Liviu Dieter"]
[Result "1-0"]
[WhiteElo "2300"]
[BlackElo "2395"]

1.d4 Nf6 2.c4 g6 3.Nf3 Bg7 4.g3 O-O 5.Bg2 d6 6.O-O Nc6 7.Nc3 a6 8.d5 Na5
9.Nd2 c5 10.Qc2 Rb8 11.Rb1 b5 12.b3 h5 13.h3 Bd7 14.Bb2 Qc8 15.Kh2 bxc4 16.bxc4 h4
17.g4 Bxg4 18.hxg4 Qxg4 19.Bh3 Qf4+ 20.Kh1 Ng4 21.Bxg4 Qxg4 22.Qd3 Be5 23.Nd1 Bf4
24.Rg1 Bg3 25.Kg2 h3+ 26.Kh1  1-0

[Event "Odorheiu Secuiesc op"]
[Site "Odorheiu Secuiesc"]
[Date "1993.??.??"]
[Round "5"]
[White "Nisipeanu, Liviu Dieter"]
[Black "Susterman, Lazar"]
[Result "1-0"]
[WhiteElo "2395"]
[BlackElo "2270"]

1.e4 Nf6 2.e5 Nd5 3.d4 d6 4.Nf3 g6 5.Bc4 c6 6.O-O Bg7 7.h3 O-O 8.Nbd2 dxe5
9.dxe5 Nb6 10.Bd3 c5 11.Qe2 Nc6 12.Nc4 Be6 13.Nxb6 axb6 14.Bg5 Re8 15.a3 Qc7
16.Rfe1 Rad8 17.Rad1 Nd4 18.Nxd4 Rxd4 19.Be3 Rdd8 20.f4 Bd5 21.Bb5 Bc6 22.a4 Rxd1
23.Rxd1 Rd8 24.Rxd8+ Qxd8 25.Bxc6 bxc6 26.Qd3 Qc7 27.b3 Bf8 28.Kf2 e6 29.Ke2 Be7
30.Qa6 Kg7 31.Qa8 Qd7 32.c4 Qc7 33.Qe8 h5 34.g4 hxg4 35.hxg4 g5 36.fxg5 Bxg5
37.Bxg5 Qxe5+ 38.Be3 Qe4 39.Qd8 Qxg4+ 40.Kd2 Qg2+ 41.Kc3 Qe2 42.Qg5+ Kf8
43.Qg3 Qd1 44.Bh6+ Ke7 45.Qg5+  1-0

[Event "Odorheiu Secuiesc op"]
[Site "Odorheiu Secuiesc"]
[Date "1993.??.??"]
[Round "6"]
[White "Nevednichy, Boris M"]
[Black "Nisipeanu, Liviu Dieter"]
[Result "1-0"]
[WhiteElo "2330"]
[BlackElo "2395"]

1.e4 c5 2.Nf3 d6 3.d4 Nf6 4.Nc3 cxd4 5.Qxd4 Nc6 6.Bb5 Bd7 7.Bxc6 Bxc6 8.Bg5 e6
9.O-O-O Be7 10.Rhe1 Qa5 11.Kb1 O-O 12.Qd2 Qa6 13.Nd4 Rac8 14.f3 b5 15.g4 b4
16.Nce2 Qb7 17.Ng3 a5 18.Nh5 Ne8 19.Bxe7 Qxe7 20.f4 Qh4 21.f5 Qxg4 22.Nf4 e5
23.Nxc6 Rxc6 24.Nd5 Kh8 25.Qd3 Qh4 26.Re3 Qd8 27.Rg1 Nf6 28.Reg3 Nxd5 29.exd5 Rc8
30.Rxg7 Qf6 31.R7g4 Rg8 32.Qg3 Rxg4 33.Qxg4 Re8 34.Qe4 Rg8 35.Rxg8+ Kxg8
36.c4 Qg5 37.Kc2 Qg1 38.Qe2 a4 39.a3 b3+ 40.Kc3 e4 41.f6 e3 42.Qf3 Kf8 43.Qg3 Qc1+
44.Kb4  1-0

[Event "Odorheiu Secuiesc op"]
[Site "Odorheiu Secuiesc"]
[Date "1993.??.??"]
[Round "8"]
[White "Emodi, Gyula"]
[Black "Nisipeanu, Liviu Dieter"]
[Result "0-1"]
[WhiteElo "2335"]
[BlackElo "2395"]

1.d4 Nf6 2.Nf3 g6 3.g3 Bg7 4.Bg2 O-O 5.O-O d6 6.Nc3 Nbd7 7.e4 e5 8.h3 c6
9.a4 Qc7 10.Re1 b6 11.Be3 a6 12.Qd2 Bb7 13.Bh6 b5 14.Qg5 Bxh6 15.Qxh6 exd4
16.Nxd4 b4 17.Nd1 c5 18.Nb3 Rfe8 19.Qf4 Re5 20.f3 d5 21.Nf2 dxe4 22.fxe4 Nh5
23.Qf3 Re7 24.g4 Nf4 25.Bf1 f5 26.Na5 fxg4 27.Nxg4 Rf8 28.Nxb7 Qxb7 29.Rad1 Ne5
30.Nxe5 Rxe5 31.Bc4+ Kg7 32.Qg4 Kh6 33.h4 Qe7 34.Re3 Rh5 35.Rd7 Qf6 36.e5 Nh3+
37.Rxh3 Qf2+ 38.Kh1 Qe1+ 39.Qg1 Qe4+ 40.Qg2 Qxc4 41.Qd2+ Qf4 42.Qxf4+ Rxf4
43.Rd5 Rfxh4 44.Rxh4 Rxh4+ 45.Kg2 Rc4 46.e6 Rxc2+ 47.Kf3 Kg7 48.Re5 Kf8 49.b3 Ke7
50.Kf4 c4 51.Re4 a5  0-1

[Event "Odorheiu Secuiesc op"]
[Site "Odorheiu Secuiesc"]
[Date "1993.??.??"]
[Round "9"]
[White "Nisipeanu, Liviu Dieter"]
[Black "Stefanov, Parik"]
[Result "1/2-1/2"]
[WhiteElo "2395"]
[BlackElo "2355"]

1.e4 c5 2.Nf3 d6 3.d4 Nf6 4.Nc3 cxd4 5.Nxd4 a6 6.Bg5 e6 7.f4 Be7 8.Qf3 h6
9.Bh4 Qc7 10.O-O-O Nbd7 11.Bd3 g5 12.fxg5 Ne5 13.Qe2 Nh7 14.Qh5 hxg5 15.Bg3 Bd7
16.Nf3 Bf6 17.Nxe5 dxe5 18.Rhf1 Nf8 19.Qf3 Rh6 20.Nb1 Bc6 21.Nd2 Bg7 22.Nc4 f5
23.Be2 Kf7 24.Qc3 f4 25.Bf2 Kg8 26.Bb6 Qe7 27.Nxe5 Bxe4 28.Bf3 Bxf3 29.gxf3 Rxh2
30.Rfe1 Qe8 31.Rd2 Rc8 32.Qxc8 Qxc8 33.Rxh2 Qe8 34.Rg2 Bf6 35.Kb1 Qa4 36.c3 Nd7
37.Bd4 Nxe5 38.Bxe5 Bxe5 39.Rxg5+ Kf7 40.Rgxe5 Qc4 41.Rd1 Qc6 42.Re4 e5 43.Rd3 Ke6
44.Kc2 Kf5 45.Rd2 b5 46.b4 Qa8 47.Rde2  1/2-1/2

[Event "Odorheiu Secuiesc op"]
[Site "Odorheiu Secuiesc"]
[Date "1993.??.??"]
[Round "10"]
[White "Tomescu, Vlad"]
[Black "Nisipeanu, Liviu Dieter"]
[Result "0-1"]
[WhiteElo "2435"]
[BlackElo "2395"]

1.e4 c5 2.d4 cxd4 3.c3 Nf6 4.e5 Nd5 5.Bc4 Nb6 6.Bb3 Nc6 7.cxd4 d5 8.Nc3 Bf5
9.Nge2 e6 10.Ng3 Bg6 11.O-O Rc8 12.Be3 Nc4 13.Bxc4 dxc4 14.Nge4 Be7 15.Qg4 O-O
16.Rad1 Nb4 17.Bg5 Bxg5 18.Nxg5 Nd5 19.h4 Nxc3 20.bxc3 Qa5 21.d5 Bf5 22.Qf3 h6
23.Ne4 Bxe4 24.Qxe4 exd5 25.Qxd5 Qxc3 26.Qxb7 Qxe5 27.Qxa7 c3 28.Qd4 Qa5
29.Qd5 Rc5 30.Qb3 c2 31.Rc1 Qd2 32.Rfe1 Re5 33.Rf1 Re2 34.a4 Rfe8 35.Qc4 R8e5
36.a5 Rxa5 37.Qc8+ Kh7 38.g3 h5  0-1

[Event "Odorheiu Secuiesc op"]
[Site "Odorheiu Secuiesc"]
[Date "1993.??.??"]
[Round "11"]
[White "Nisipeanu, Liviu Dieter"]
[Black "Ghinda, Mihail Viorel"]
[Result "1/2-1/2"]
[WhiteElo "2395"]
[BlackElo "2450"]

1.e4 c5 2.Nf3 d6 3.d4 cxd4 4.Nxd4 Nf6 5.Nc3 e6 6.Be3 a6 7.Qd2 Qc7 8.f3 h5
9.O-O-O Nbd7 10.Kb1 Be7 11.Be2 Nc5 12.g3 Rb8 13.Nb3 Ncd7  1/2-1/2

[Event "ROM-ch Girls"]
[Site "Singeorz"]
[Date "1993.??.??"]
[Round "?"]
[White "Nisipeanu, Liviu Dieter"]
[Black "Casangiu, Paul Horatiu"]
[Result "1-0"]
[WhiteElo "2395"]
[BlackElo "2235"]

1.e4 e6 2.d4 d5 3.Nc3 Bb4 4.e5 c5 5.a3 Ba5 6.dxc5 d4 7.b4 dxc3 8.Qg4 Ne7
9.bxa5 O-O 10.Nf3 Nd7 11.Bd3 f5 12.exf6 Nxf6 13.Qh4 Nf5 14.Qc4 Nd5 15.O-O Qxa5
16.Rb1 Qc7 17.Be4 Nfe7 18.Bg5 Rb8 19.Bxe7 Qxe7 20.Bxd5 exd5 21.Qxc3 Bf5 22.Nd4 Rbc8
23.Rfe1 Qf6 24.Rxb7 Rce8 25.Rxe8 Rxe8 26.f3 Bxc2 27.Rb2 Ba4 28.g3 h6 29.Re2 Rb8
30.Qe3 Rc8 31.Qc3 Bd7 32.Kf2 Bg4 33.Re3 Bd7 34.h4 Qg6 35.Re7 Bh3 36.Ne2 Rf8
37.Qd4 Kh8 38.Nf4 Qc2+ 39.Re2 Qb3 40.Ng6+ Kg8 41.Nxf8  1-0

[Event "ROM-ch Girls"]
[Site "Singeorz"]
[Date "1993.??.??"]
[Round "?"]
[White "Nisipeanu, Liviu Dieter"]
[Black "Ceteras, Marius"]
[Result "1/2-1/2"]
[WhiteElo "2395"]
[BlackElo "2335"]

1.e4 c5 2.Nf3 d6 3.d4 cxd4 4.Nxd4 Nf6 5.Nc3 a6 6.Bg5 e6 7.f4 Qc7 8.Qf3 Nc6
9.O-O-O Bd7 10.Bc4 Be7 11.Bb3 O-O 12.h4 Na5 13.h5 Nxb3+ 14.axb3 Bc6 15.Nxc6 bxc6
16.Qg3 Ne8 17.f5 Bxg5+ 18.Qxg5 h6 19.Qg3 e5 20.Qd3 a5 21.g4 Qe7 22.Kb1 Rd8
23.Qc4 Qb7 24.g5 hxg5 25.h6 Nf6 26.Rdg1 gxh6 27.Rxh6 Kg7 28.Rh4 g4 29.Qe2 Rh8
30.Qe3 Rxh4 31.Qg5+ Kf8 32.Qxh4 Ke7 33.Rxg4 Qb8 34.Rg7 Rg8 35.Rxg8 Qxg8 36.Qf2 Qb8
37.Ka2 Qb7 38.Qg1 Qc7 39.Qe3 Qb7 40.Qg1 Qb8  1/2-1/2

[Event "ROM-ch Girls"]
[Site "Singeorz"]
[Date "1993.??.??"]
[Round "?"]
[White "Musat, Adrian"]
[Black "Nisipeanu, Liviu Dieter"]
[Result "1/2-1/2"]
[WhiteElo "2275"]
[BlackElo "2395"]

1.Nf3 Nf6 2.c4 c5 3.Nc3 Nc6 4.d4 cxd4 5.Nxd4 g6 6.e4 Nxd4 7.Qxd4 d6 8.Be2 Bg7
9.O-O O-O 10.Qd3 Be6 11.Be3 Rc8 12.b3 Qa5 13.Rac1 Nd7 14.Bd2 Ne5 15.Qb1 Nc6
16.Rfd1 Nd4 17.Be3 Nxe2+ 18.Nxe2 a6 19.Nf4 b5 20.c5 b4 21.cxd6 Rxc1 22.Qxc1 exd6
23.Nxe6 fxe6 24.Qc4 Qxa2 25.Qxe6+ Kh8 26.g3  1/2-1/2

[Event "ROM-ch Girls"]
[Site "Singeorz"]
[Date "1993.??.??"]
[Round "?"]
[White "Nisipeanu, Liviu Dieter"]
[Black "Cozianu, Costin"]
[Result "1/2-1/2"]
[WhiteElo "2395"]
[BlackElo "2310"]

1.e4 e5 2.Nf3 Nc6 3.Bb5 a6 4.Ba4 Nf6 5.O-O Nxe4 6.d4 b5 7.Bb3 d5 8.dxe5 Be6
9.Be3 Nc5 10.Bxc5 Bxc5 11.Nc3 Ne7 12.Ng5  1/2-1/2

[Event "ROM-ch Girls"]
[Site "Singeorz"]
[Date "1993.??.??"]
[Round "?"]
[White "Nisipeanu, Liviu Dieter"]
[Black "Ignatescu, Ruxandra"]
[Result "1-0"]
[WhiteElo "2395"]
[BlackElo "2140"]

1.e4 d5 2.exd5 Qxd5 3.Nc3 Qa5 4.d4 Nf6 5.Nf3 Bg4 6.Be2 Nc6 7.O-O O-O-O 8.Ng5 Be6
9.Nxe6 fxe6 10.Be3 e5 11.d5 Nxd5 12.Bg4+ Kb8 13.Nxd5 Qxd5 14.Qxd5 Rxd5 15.Rad1 Rxd1
16.Rxd1 g6 17.Rd7 Bg7 18.c3 Rd8 19.Kf1 Rxd7 20.Bxd7 Nd8 21.Be8 c6 22.h4 Bf6
23.h5 g5 24.h6 Kc7 25.f3 b6 26.Kf2 Nb7 27.Bf7 Kd7 28.Bg8 Nd6 29.g4 e6 30.Ke2 c5
31.a4 c4 32.Bxh7 Nf7 33.Bb1 Nxh6 34.Ba2 e4 35.Bxc4 exf3+ 36.Kxf3 Nf7 37.Ke4 Nd6+
38.Kd3 Nf7 39.Kc2 Kd6 40.b4 Bd8 41.Be2 Kd5 42.c4+ Ke4 43.Bg1 Ne5 44.c5 Nf3
45.Bxf3+ Kxf3 46.a5 bxa5 47.b5 Kxg4 48.c6 Kf4 49.c7 Bxc7 50.Bh2+ Ke4 51.Bxc7 Kd5
52.Kb3 e5 53.Ka4 e4 54.Bb8  1-0

[Event "ROM-ch Girls"]
[Site "Singeorz"]
[Date "1993.??.??"]
[Round "?"]
[White "Nisipeanu, Liviu Dieter"]
[Black "Szuhanek, Ranko"]
[Result "1/2-1/2"]
[WhiteElo "2395"]
[BlackElo "2235"]

1.e4 c5 2.Nf3 d6 3.d4 cxd4 4.Nxd4 Nf6 5.Nc3 a6 6.Be3 e5 7.Nf3 Qc7 8.a4 h6
9.a5 Be6 10.Nd5 Nxd5 11.exd5 Bf5 12.c4 Nd7 13.b4 Be7 14.Be2 O-O 15.O-O b6
16.axb6 Nxb6 17.Qb3 Rfb8 18.Ra5 Nd7 19.Qc3 Qb7 20.Ra4 Nf6 21.Rfa1 Bd7 22.R4a2 Qxb4
23.Qxb4 Rxb4 24.Rxa6 Rxa6 25.Rxa6 Rb1+ 26.Bf1 Bf5  1/2-1/2

[Event "ROM-ch Girls"]
[Site "Singeorz"]
[Date "1993.??.??"]
[Round "?"]
[White "Sofronie, Iulian"]
[Black "Nisipeanu, Liviu Dieter"]
[Result "1/2-1/2"]
[WhiteElo "2305"]
[BlackElo "2395"]

1.e4 c5 2.Nf3 d6 3.d3 Nc6 4.g3 g6 5.Bg2 Bg7 6.O-O e6 7.Nbd2 Nge7 8.Re1 O-O
9.Nf1 e5 10.c3 h6 11.Be3 Be6 12.d4 cxd4 13.cxd4 d5 14.exd5  1/2-1/2

[Event "Stockerau op"]
[Site "Stockerau"]
[Date "1993.??.??"]
[Round "5"]
[White "Nisipeanu, Liviu Dieter"]
[Black "Bukal, Vladimir Sr"]
[Result "1-0"]
[WhiteElo "2395"]
[BlackElo "2380"]

1.e4 e6 2.d4 d5 3.Nc3 Bb4 4.e5 Ne7 5.a3 Bxc3+ 6.bxc3 c5 7.Qg4 Kf8 8.a4 Qc7
9.Nf3 h6 10.Bd3 b6 11.O-O Ba6 12.a5 Bxd3 13.cxd3 Na6 14.axb6 axb6 15.dxc5 bxc5
16.d4 Kg8 17.dxc5 Kh7 18.Qh5 Kg8 19.Nd4 Qxc5 20.Ba3 Qc7 21.Bd6 Qd7 22.Ra5 Nc8
23.Rfa1 Qb7 24.Qe2  1-0

[Event "Stockerau op"]
[Site "Stockerau"]
[Date "1993.??.??"]
[Round "6"]
[White "Jurkovic, Hrvoje"]
[Black "Nisipeanu, Liviu Dieter"]
[Result "1/2-1/2"]
[WhiteElo "2240"]
[BlackElo "2395"]

1.e4 c5 2.Nc3 e6 3.g3 d5 4.exd5 exd5 5.d4 Nf6 6.Nge2 Nc6 7.Bg2 cxd4 8.Nxd4 Bg4
9.Qd3 Bc5 10.Nb3 Qe7+ 11.Be3 Nb4 12.Qb5+ Nd7 13.O-O Bxe3 14.Rae1 Nxc2 15.Nxd5 Qe5
16.Qc4 Nxe1 17.Rxe1 Be6 18.Rxe3 Qd6 19.Nc7+ Ke7 20.Nd4 Ne5 21.Nd5+ Bxd5 22.Bxd5 Kf6
23.Qb3 g6 24.Nb5 Qc5 25.Rc3 Qb6 26.Re3 Rac8 27.Bxf7 Rhd8 28.Bd5 a6 29.Nc3 Qxb3
30.Bxb3 Nc4 31.Rf3+ Kg7 32.Rf4 b5 33.a4 Nxb2 34.Rf7+ Kh6 35.Ne4 Rf8 36.Re7 bxa4
37.Bd5 Nd3 38.h4 Rce8 39.Ra7 Rxe4 40.Bxe4 Nxf2 41.Bc6 Ng4 42.Bxa4  1/2-1/2

[Event "Stockerau op"]
[Site "Stockerau"]
[Date "1993.??.??"]
[Round "9"]
[White "Golubovic, Boris"]
[Black "Nisipeanu, Liviu Dieter"]
[Result "1-0"]
[WhiteElo "2290"]
[BlackElo "2395"]

1.e4 c5 2.Nc3 e6 3.g3 d5 4.exd5 exd5 5.d4 Nf6 6.Nge2 Nc6 7.Bg2 cxd4 8.Nxd4 Bg4
9.Qd3 Bc5 10.Nxc6 bxc6 11.O-O O-O 12.Na4 Bd6 13.Be3 Nd7 14.Qc3 Qc7 15.Nc5 Nxc5
16.Bxc5 Bxc5 17.Qxc5 Qb6 18.Qxb6 axb6 19.a4 Ra7 20.Ra3 Rfa8 21.Rfa1 Bf5 22.c4 dxc4
23.Bxc6 Rd8 24.Re3 Be6 25.Bb5 Rc7 26.Rc1 Rc5 27.Re4 Rdc8 28.Rd4 Kf8 29.Rd6 Rb8
30.f4 Ke7 31.Rcd1 c3 32.bxc3 Rxc3 33.R1d2 Rcc8 34.Kf2 g6 35.Ke3 Rb7 36.Ba6 Rc3+
37.Kd4 Rbc7 38.Rxb6 Ra3 39.Bb5 Bb3 40.Re2+ Kf8 41.Re3 Rxa4+ 42.Bxa4 Bxa4
43.f5 Rd7+ 44.Ke5 Re7+ 45.Kf4 Rxe3 46.Kxe3 gxf5 47.Kf4 Bd7 48.Rd6 Ke7 49.Rh6  1-0